00594nam a2200181Ia 4500952013100000999001700131003000400148005001700152008004100169040000900210082001800219100002500237245004000262260003900302300000900341650002000350942004200370 00102ddc40708ISLAMaMESbMEScISLd2019-02-20g400.00l0o297.63 MUI/Lp21138r2019-02-20 00:00:00w2019-02-20yBKzGL46R4 c22357d22357OSt20200320150142.0190216s9999||||xx |||||||||||||| ||und|| coclc a297.63bMUI/L aMuir, William 92136 4aThe Life Of Mahomet /cWilliam Muir bVoice Of India,c1992.aNew Delhi: a556p aIslamic History cBK2ddch297.63iMUI/Lk297.63mMUI/L